000 00795nam a2200289Ia 4500
001 37439
003 IT-RoPAU
008 130308s9999 xx 000 0 und d
040 _aIT-RoPAU
040 _cIT-RoPAU
041 _aINGLESE
100 _aWilson Elizabeth
100 _gCodice Aut. SPICS: 17247
245 _aAll in the Family: Russell Grant on Breakfast Television
245 _bTelevision Mythologies: Stars, Shows & Signs
250 _a1a ed.
260 _aLONDON
260 _bComedia Publishing Group
260 _c1986 [1° Ed.:1984 - Ed.Ling.Originale:1984]
300 _a"3 p. (prefazione: no ; testo: 3 [pagine: 7-9])"
650 _aTEORICHE TELEVISIVE
650 _eCodice materia Spics: 6955
942 _cBK
957 _71
999 _c57162
_d57162
999 _bSI
999 _g1